| 000 | 00833cam a22002174a 4500 | ||
|---|---|---|---|
| 001 | 13886725 | ||
| 005 | 20241024102612.0 | ||
| 008 | 050302s2006 nyua bf 001 0 eng | ||
| 020 | _a1593852126 (alk. paper) | ||
| 050 | 0 | 0 |
_aRC555 _b.H357 2006 |
| 082 | 0 | 0 |
_a616.89 _222 |
| 245 | 0 | 0 |
_aHandbook of psychopathy / _cedited by Christopher J. Patrick. |
| 260 |
_aNew York : _bGuilford Press, _c2006. |
||
| 300 |
_axix, 651 p. : _bill. ; _c26 cm. |
||
| 500 | _aIncludes Author and Subject Index | ||
| 650 | 0 |
_aAntisocial personality disorders _vHandbooks, manuals, etc. |
|
| 700 | 1 | _aPatrick, Christopher J. | |
| 856 | 4 | 1 |
_3Table of contents only _uhttp://www.loc.gov/catdir/toc/ecip058/2005005954.html |
| 856 | 4 | 2 |
_3Contributor biographical information _uhttp://www.loc.gov/catdir/enhancements/fy0621/2005005954-b.html |
| 942 |
_2lcc _cBK _n0 |
||
| 999 |
_c165 _d165 |
||